000 00689nam a22001935i 4500
001 68417
003 ES-MaACL
005 20230906170259.0
007 t|
008 960801s1892 sp ||||1| spa d
040 _aCAM
_bspa
_cCAM
100 1 _aGarcía-Plaza, Joaquín.
_955123
245 1 0 _aJuicio crítico del Congreso Médico-Farmaceútico de 1891 /
_cpor Joaquín García-Plaza; con la cooperación de los señores García y García, ... [et. al.].
260 _aMadrid :
_b[s.n.],
_c1892 (
_fR. Velasco impresor)
300 _a123 p. ;
_c24 cm.
611 2 4 _aCongreso Médico-Farmaceútico.
_d1891)
_9499
700 1 _aGarcía y García.
_955430
852 _aES-MaACL
_jFol-Laf-131
999 _c68417
_d68417